[Event "American Continental 16th"]
[Site "San Salvador"]
[Date "2022.05.07"]
[Round "8"]
[White "Zabdiel Neftaly, Torres Perez"]
[Black "Rosales, Carlos Arturo"]
[Result "1-0"]
[WhiteElo "1639"]
[BlackElo "1449"]
[PlyCount "37"]
[EventDate "2022.05.02"]
[EventType "swiss"]
[EventRounds "11"]
[EventCountry "ESA"]
[SourceTitle "CBM 208 Extra"]
[Source "ChessBase"]
[SourceDate "2022.07.31"]
[SourceVersion "1"]
[SourceVersionDate "2022.07.31"]
[SourceQuality "1"]

1. c4 c5 2. g3 g6 3. Bg2 Bg7 4. Nf3 Nf6 5. 0-0 d5 6. d4 0-0 7. cxd5 cxd4 8. Nxd4 Nxd5 9. Nb3 Nb6 10. Qc2 Bf5 11. e4 Be6 12. Rd1 Bxb3 13. Qxb3 Qc7 14. Nc3 a6 15. Bf4 e5 16. Be3 N8d7 17. Rac1 Nc5 18. Bxc5 Qxc5 19. Nd5 1-0